Effect of oxygen on natural rubber latex (1965 reviews) (Record no. 58012)

MARC details
000 -LEADER
fixed length control field 00399nam a2200145Ia 4500
100 ## - MAIN ENTRY--AUTHOR NAME
Personal name Bevilacqua E M
245 #0 - TITLE STATEMENT
Title Effect of oxygen on natural rubber latex (1965 reviews)
260 ## - PUBLICATION, DISTRIBUTION, ETC. (IMPRINT)
Name of publisher Rubber Chemistry and Technology
Year of publication 1965
300 ## - PHYSICAL DESCRIPTION
Number of Pages 1214-1227
650 ## - SUBJECT ADDED ENTRY--TOPICAL TERM
Topical Term 1965 reviews
650 ## - SUBJECT ADDED ENTRY--TOPICAL TERM
Topical Term Natural rubber latex
650 ## - SUBJECT ADDED ENTRY--TOPICAL TERM
Topical Term Oxygen
942 ## - ADDED ENTRY ELEMENTS (KOHA)
Koha item type Journals
Holdings
Withdrawn status Lost status Damaged status Not for loan Home library Current library Shelving location Date acquired Serial Enumeration / chronology Koha item type
      Journals RRII Library RRII Library Rubber chemistry 17/12/2021 Volume 38, Issue 5 Journals